[Event "Borbeck- Kirchhellen"]
[Site "?"]
[Date "2024.02.18"]
[Round "6.5"]
[White "Borgs, Martin"]
[Black "Poetter, Clemens"]
[Result "1/2-1/2"]
[WhiteElo "1899"]
[BlackElo "1986"]
[PlyCount "51"]
[SourceDate "2024.03.03"]

1. d4 d5 2. Nf3 g6 3. g3 Bg7 4. Bg2 Nf6 5. O-O O-O 6. b3 Ne4 7. Bb2 c5 8. Qc1
Nc6 9. dxc5 Nxc5 10. Bxg7 Kxg7 11. Qb2+ f6 12. Nbd2 e5 13. Rfd1 Qe7 14. e3 Bg4
15. h3 Be6 16. Qa3 a5 17. c4 Nb4 18. Ne1 Rfd8 19. cxd5 Bxd5 20. Bxd5 Nxd5 21.
Nc4 b5 22. Rxd5 Rxd5 23. Nb6 Rdd8 24. Nxa8 Rxa8 25. Rd1 b4 26. Qc1 1/2-1/2

[Event "Borbeck- Kirchhellen"]
[Site "?"]
[Date "2024.02.18"]
[Round "6.6"]
[White "Strauß, Dirk"]
[Black "Andersen, Knut"]
[Result "0-1"]
[WhiteElo "1888"]
[BlackElo "1949"]
[PlyCount "56"]
[SourceDate "2024.03.03"]

1. d4 Nf6 2. Nf3 c5 3. d5 e6 4. Nc3 exd5 5. Nxd5 Nxd5 6. Qxd5 Nc6 7. c3 d6 8.
Bg5 Be6 9. Qd2 Be7 10. e4 O-O 11. Rd1 Bxa2 12. Bd3 Ne5 13. Bf4 Bf6 14. Bxe5
dxe5 15. Qe3 Qc7 16. O-O a6 17. c4 b5 18. Ra1 bxc4 19. Rxa2 cxd3 20. Qxd3 c4
21. Qc2 Rfc8 22. Rd1 Qb7 23. Ra5 Rab8 24. Ra2 h6 25. h4 Rc6 26. g3 Qb4 27. Rd5
c3 28. bxc3 Rxc3 0-1

[Event "Borbeck- Kirchhellen"]
[Site "?"]
[Date "2024.02.18"]
[Round "6.7"]
[White "Kueper, Peter"]
[Black "Mundil, Uwe"]
[Result "0-1"]
[WhiteElo "1784"]
[BlackElo "1969"]
[Annotator "daniel"]
[PlyCount "80"]
[SourceDate "2024.03.03"]

1. e4 e6 2. d4 d5 3. exd5 exd5 4. Nf3 Bd6 5. Bd3 Ne7 6. h3 c5 7. dxc5 Bxc5 8.
O-O Nbc6 9. c3 a6 10. Nbd2 h6 11. Nb3 Ba7 12. Re1 Be6 13. Be3 Bxe3 14. Rxe3 O-O
15. Nfd4 Qd6 16. Qh5 Rae8 17. Rae1 Bd7 18. g4 Ng6 19. Bf5 Nce7 20. Bxd7 Qxd7
21. Nc5 Qc8 22. Nd3 Qd8 23. g5 hxg5 24. Qxg5 Nc8 25. Qxd8 Rxd8 26. Nf5 Nd6 27.
Nxd6 $11 Rxd6 28. Ne5 Nf4 29. Kh2 Re8 30. Kg3 Nh5+ 31. Kg4 Nf6+ 32. Kf4 Ne4 33.
Ng4 g5+ 34. Kf3 Kg7 35. Ke2 f5 36. f3 f4 37. fxe4 dxe4 38. Kf2 fxe3+ 39. Nxe3
Rd2+ 40. Re2 Rf8+ 0-1

[Event "Borbeck- Kirchhellen"]
[Site "?"]
[Date "2024.02.18"]
[Round "6.8"]
[White "Kindermann, Carsten"]
[Black "Waegemann, Hartmut"]
[Result "1-0"]
[WhiteElo "1850"]
[BlackElo "1661"]
[PlyCount "69"]
[SourceDate "2024.03.03"]

1. e4 e5 2. Nf3 Nc6 3. Be2 Nf6 4. Nc3 d6 5. d4 exd4 6. Nxd4 Bd7 7. Be3 Be7 8.
f4 O-O 9. O-O a6 10. Bf3 Rb8 11. Nxc6 Bxc6 12. g4 Nd7 13. Nd5 Re8 14. c3 Nf6
15. c4 Bf8 16. Qd3 b5 17. b3 Ba8 18. g5 Nxd5 19. exd5 b4 20. Bg4 Bb7 21. Bd2
Bc8 22. f5 f6 23. h4 Be7 24. Rae1 Bd7 25. Bh5 Rf8 26. Qe4 Be8 27. g6 hxg6 28.
fxg6 Qc8 29. Qxe7 Bxg6 30. Qe2 Bh7 31. Qe6+ Qxe6 32. dxe6 g6 33. e7 Rfe8 34.
Bf3 Kf7 35. Bd5+ 1-0

[Event "Brambauer- Waltrop"]
[Site "?"]
[Date "2024.02.18"]
[Round "6.1"]
[White "Eckert, Marius"]
[Black "Remmler, Volker"]
[Result "1/2-1/2"]
[WhiteElo "2111"]
[BlackElo "1984"]
[Annotator "daniel"]
[PlyCount "46"]
[SourceDate "2024.03.03"]

1. d4 g6 2. Bf4 Bg7 3. Nc3 d6 4. e4 c6 5. Qd2 Nd7 6. O-O-O b5 7. Nf3 Qa5 8. Kb1
a6 9. e5 b4 10. Ne2 d5 11. Nc1 e6 $11 12. g4 Rb8 13. h4 Qb6 14. h5 c5 15. dxc5
Nxc5 16. Be3 Ne4 17. Qd3 Qc7 18. hxg6 hxg6 19. Rxh8 Bxh8 20. Re1 Ne7 21. Bd4
Nc6 22. Qe3 Nxd4 23. Qxd4 Qb6 1/2-1/2

[Event "Brambauer- Waltrop"]
[Site "?"]
[Date "2024.02.18"]
[Round "6.3"]
[White "Atali, Dogukan"]
[Black "Wagner, Norbert"]
[Result "0-1"]
[WhiteElo "2010"]
[BlackElo "2001"]
[PlyCount "72"]
[SourceDate "2024.03.03"]

1. e4 d5 2. exd5 Qxd5 3. Nc3 Qd6 4. d4 Nf6 5. Nf3 a6 6. Bc4 b5 7. Bb3 Bb7 8.
O-O e6 9. Bg5 Nbd7 10. Bh4 c5 11. dxc5 Qxd1 12. Nxd1 Bxc5 13. a4 O-O 14. Bg3
Nh5 15. Ne5 Rfd8 16. Nxd7 Rxd7 17. axb5 Nxg3 18. hxg3 axb5 19. Rxa8+ Bxa8 20.
Nc3 Bc6 21. Rd1 Bd4 22. Rd3 e5 23. Kf1 b4 24. Ba4 bxc3 25. Bxc6 cxb2 26. Rb3
Rd8 27. c3 Bxc3 28. Be4 Bd4 29. Ke2 g6 30. g4 h6 31. g3 Kg7 32. Bd3 Bxf2 33.
Bxg6 Kxg6 34. Kxf2 Rd2+ 35. Ke3 Rh2 36. Ke4 f6 0-1

[Event "Brambauer- Waltrop"]
[Site "?"]
[Date "2024.02.18"]
[Round "6.4"]
[White "Czeratzki, Michael"]
[Black "Winterberg, Andreas"]
[Result "1/2-1/2"]
[WhiteElo "1862"]
[BlackElo "2001"]
[PlyCount "31"]
[SourceDate "2024.03.03"]

1. d4 Nf6 2. e3 d5 3. Bd3 c5 4. c3 Nbd7 5. f4 g6 6. Nf3 Bg7 7. O-O O-O 8. Nbd2
b6 9. Qe1 a5 10. Ne5 Qc7 11. Qe2 Nb8 12. Qf3 Nc6 13. b3 Ba6 14. Bxa6 Rxa6 15.
g4 e6 16. a4 1/2-1/2

[Event "Brambauer- Waltrop"]
[Site "?"]
[Date "2024.02.18"]
[Round "6.5"]
[White "Dunsche, Daniel"]
[Black "Jochmann, Christian"]
[Result "1-0"]
[WhiteElo "1979"]
[BlackElo "1810"]
[PlyCount "63"]
[SourceDate "2024.03.03"]

1. d4 Nf6 2. c4 e6 3. Nf3 d5 4. Nc3 Be7 5. Bf4 O-O 6. e3 a6 7. c5 Nh5 8. Bd3
Nxf4 9. exf4 b6 10. cxb6 cxb6 11. O-O Qd6 12. g3 Nc6 13. a3 Bd7 14. Rc1 Rfc8
15. Ne5 Be8 16. Na4 Nxd4 17. Bxh7+ Kxh7 18. Qxd4 b5 19. Nb6 Rxc1 20. Rxc1 Rb8
21. Nc8 Qd8 22. Nxe7 Qxe7 23. b4 Ra8 24. Qb6 f6 25. Rc7 Qd8 26. Qb7 fxe5 27.
Rxg7+ Kh6 28. Rh7+ Kg6 29. Qg7+ Kf5 30. Qxe5+ Kg6 31. Qh5+ Kf6 32. Qg5# 1-0

[Event "Brambauer- Waltrop"]
[Site "?"]
[Date "2024.02.18"]
[Round "6.6"]
[White "Deckert, Frank"]
[Black "Drewes, Martin"]
[Result "0-1"]
[WhiteElo "1849"]
[BlackElo "1949"]
[PlyCount "116"]
[SourceDate "2024.03.03"]

1. c4 c5 2. Nc3 Nf6 3. g3 d5 4. cxd5 Nxd5 5. Bg2 Nc7 6. Nf3 Nc6 7. O-O g6 8. b3
Bg7 9. Bb2 e5 10. d3 O-O 11. Nd2 Bd7 12. Nc4 Qe7 13. Ne3 Rfd8 14. Ncd5 Nxd5 15.
Nxd5 Qd6 16. Nc3 b6 17. Rb1 Rac8 18. Ne4 Qe7 19. a3 Be6 20. Qc2 Bd5 21. Nd2
Bxg2 22. Kxg2 Qb7 23. Kg1 Qd7 24. Rfd1 h5 25. h4 Qg4 26. Nf3 Re8 27. Kg2 Bf6
28. Nh2 Qd7 29. Nf3 Qe7 30. Bc3 Nd4 31. Bxd4 cxd4 32. Qb2 Rc3 33. Rbc1 e4 34.
Ne1 exd3 35. exd3 Qe6 36. Rb1 Qc6+ 37. Kg1 Re6 38. Rd2 Qe8 39. Kf1 Qc6 40. Kg1
g5 41. hxg5 Bxg5 42. Re2 h4 43. Rxe6 Qxe6 44. Nf3 Bf6 45. Nxh4 Bxh4 46. gxh4
Qg4+ 47. Kf1 Qh3+ 48. Kg1 Qxd3 49. Re1 Rc2 50. Qb1 Qd2 51. Rf1 d3 52. Qa1 Qf4
53. Qd1 Rc6 54. Re1 d2 55. Re8+ Kg7 56. Qh5 Rh6 57. Qd5 Qg4+ 58. Kf1 d1=Q+ 0-1

[Event "Brambauer- Waltrop"]
[Site "?"]
[Date "2024.02.18"]
[Round "6.7"]
[White "Breidenbach, Rolf"]
[Black "Mueller, Marcus"]
[Result "1-0"]
[WhiteElo "1896"]
[BlackElo "1656"]
[PlyCount "41"]
[SourceDate "2024.03.03"]

1. d4 Nf6 2. Bf4 d6 3. Nc3 g6 4. e4 Bg7 5. Qd2 O-O 6. O-O-O c6 7. Bh6 Qc7 8. f3
e5 9. Nge2 Na6 10. h4 Be6 11. g4 Bxg4 12. Bxg7 Kxg7 13. fxg4 Nxg4 14. Ng3 Qe7
15. Bh3 h5 16. Bxg4 hxg4 17. h5 Rh8 18. hxg6 fxg6 19. dxe5 Rxh1 20. Rxh1 Qxe5
21. Qh6+ 1-0

[Event "Brambauer- Waltrop"]
[Site "?"]
[Date "2024.02.18"]
[Round "6.8"]
[White "Hirschfelder, Marko"]
[Black "Sehrbrock, Christoph"]
[Result "1-0"]
[WhiteElo "1422"]
[BlackElo "1823"]
[PlyCount "145"]
[SourceDate "2024.03.03"]

1. d4 Nf6 2. Nc3 d5 3. Bf4 c6 4. e3 Bf5 5. f3 e6 6. g4 Bg6 7. h4 h6 8. h5 Bh7
9. Bd3 Bxd3 10. Qxd3 Nbd7 11. Nge2 Be7 12. O-O-O b5 13. Rdg1 a6 14. g5 hxg5 15.
Rxg5 g6 16. Ng3 Ne4 17. Ncxe4 dxe4 18. Nxe4 Bxg5 19. Nd6+ Kf8 20. Nxf7 Qf6 21.
Nxh8 Qxh8 22. Bxg5 gxh5 23. Qe4 Kf7 24. Qxc6 Ra7 25. d5 Nf8 26. e4 Qe5 27.
dxe6+ Nxe6 28. Bd2 Rc7 29. Qd5 Qxd5 30. exd5 Nd4 31. c3 Kg6 32. Rg1+ Kf6 33. d6
Rc6 34. Rg2 Ne6 35. d7 Rd6 36. Rh2 Kg6 37. f4 Rxd7 38. f5+ Kxf5 39. Rxh5+ Ke4
40. Rh1 Kd3 41. Rh3+ Kc4 42. b3+ Kc5 43. Rh5+ Kd6 44. c4 bxc4 45. bxc4 Rc7 46.
Bb4+ Kd7 47. Rh7+ Kc6 48. Rxc7+ Nxc7 49. Kc2 Na8 50. Ba5 Kd6 51. Kd3 Ke5 52.
Kc3 Kd6 53. Kd4 Ke6 54. a4 Kd6 55. c5+ Kc6 56. Kc4 Kb7 57. Kd5 Kc8 58. Kc6 Kb8
59. Kd7 Kb7 60. c6+ Kb8 61. c7+ Nxc7 62. Bxc7+ Kb7 63. a5 Ka7 64. Kc6 Ka8 65.
Bd8 Ka7 66. Bh4 Ka8 67. Kb6 Kb8 68. Kxa6 Ka8 69. Kb6 Kb8 70. Kc6 Ka7 71. Kc7
Ka6 72. Be1 Kb5 73. Kb7 1-0

[Event "Haltern- Bochum 3"]
[Site "?"]
[Date "2024.02.18"]
[Round "6.1"]
[White "Von Bargen, Lukas"]
[Black "Michalicek, Roland"]
[Result "1/2-1/2"]
[WhiteElo "2097"]
[BlackElo "1861"]
[PlyCount "111"]
[SourceDate "2024.03.03"]

1. d4 d5 2. c4 e6 3. Nf3 Nf6 4. g3 c6 5. Bg2 Bd6 6. O-O Nbd7 7. Qc2 e5 8. dxe5
Nxe5 9. Nxe5 Bxe5 10. cxd5 Nxd5 11. Rd1 Qf6 12. Nd2 O-O 13. Nc4 Be6 14. Nxe5
Qxe5 15. a3 Rad8 16. e4 Nf6 17. Bf4 Qa5 18. Bd6 Rfe8 19. b4 Qb6 20. h3 Rd7 21.
Rd2 Red8 22. Rad1 Ne8 23. Bc5 Rxd2 24. Rxd2 Rxd2 25. Qxd2 Qc7 26. f4 b6 27. Be3
Qd7 28. f5 Qxd2 29. Bxd2 Bb3 30. Bf4 f6 31. Kf2 Kf7 32. Bb8 a5 33. Ba7 axb4 34.
axb4 b5 35. Bc5 g6 36. Ke3 Nc7 37. Kd4 gxf5 38. exf5 Nd5 39. Bd6 Ke8 40. Kc5
Kd7 41. Bf8 Bc2 42. g4 h5 43. Bf3 hxg4 44. hxg4 Bb3 45. Bg7 Ke7 46. Kxc6 Nxb4+
47. Kxb5 Nc2 48. Kc5 Ne1 49. Be2 Bc2 50. Kd4 Ng2 51. Bh6 Nh4 52. Bd3 Nf3+ 53.
Ke4 Bxd3+ 54. Kxd3 Ne5+ 55. Ke4 Nxg4 56. Bf4 1/2-1/2

[Event "Haltern- Bochum 3"]
[Site "?"]
[Date "2024.02.18"]
[Round "6.2"]
[White "Czarnik, Jozef"]
[Black "Tahashi- Knoche, Farzad"]
[Result "1/2-1/2"]
[WhiteElo "1899"]
[BlackElo "2069"]
[PlyCount "47"]
[SourceDate "2024.03.03"]

1. e4 c5 2. Nf3 Nc6 3. d4 cxd4 4. Nxd4 e5 5. Nb5 d6 6. N1c3 a6 7. Na3 Be7 8.
Nd5 Nf6 9. Nxe7 Qxe7 10. Bd3 b5 11. O-O Be6 12. c3 O-O 13. Nc2 h6 14. Re1 Rad8
15. Ne3 d5 16. exd5 Nxd5 17. Nxd5 Bxd5 18. Qg4 Qf6 19. Qf5 Qxf5 20. Bxf5 g6 21.
Bc2 Kg7 22. Be3 f5 23. Bc5 Rfe8 24. a4 1/2-1/2

[Event "Haltern- Bochum 3"]
[Site "?"]
[Date "2024.02.18"]
[Round "6.3"]
[White "Ivanov, Alexander"]
[Black "Lombardi, Marco"]
[Result "1-0"]
[WhiteElo "1900"]
[BlackElo "1866"]
[PlyCount "51"]
[SourceDate "2024.03.03"]

1. e4 c5 2. Nf3 d6 3. Bb5+ Bd7 4. Bxd7+ Nxd7 5. O-O Ngf6 6. Re1 e6 7. c3 Be7 8.
d4 O-O 9. Bf4 Qb6 10. Qe2 Rfe8 11. a4 Rac8 12. Qb5 cxd4 13. cxd4 Rc2 14. Bc1
Rec8 15. Nc3 Qxb5 16. axb5 Ng4 17. Rf1 Ra8 18. Ne1 Rxc1 19. Rxc1 Nb6 20. b3 a6
21. Na4 Bd8 22. bxa6 bxa6 23. Rc6 Nxa4 24. bxa4 Be7 25. Nd3 g6 26. Rfc1 1-0

[Event "Haltern- Bochum 3"]
[Site "?"]
[Date "2024.02.18"]
[Round "6.4"]
[White "Schulz, Alfons"]
[Black "Peters, Olaf"]
[Result "1/2-1/2"]
[WhiteElo "1759"]
[BlackElo "1873"]
[PlyCount "74"]
[SourceDate "2024.03.03"]

1. Nf3 c5 2. e4 Nc6 3. d3 g6 4. g3 Bg7 5. Bg2 Nf6 6. O-O d5 7. Nbd2 O-O 8. Re1
e5 9. c3 h6 10. Qe2 d4 11. c4 Be6 12. h3 Rb8 13. Nf1 Ne8 14. g4 Nd6 15. Ng3 a6
16. b3 b5 17. Ba3 b4 18. Bc1 a5 19. Bb2 Ra8 20. Nf1 a4 21. N1d2 a3 22. Bc1 Ra7
23. Nf1 Kh7 24. Ng3 f6 25. Kh2 Raf7 26. Rf1 Qd7 27. Nh4 f5 28. gxf5 gxf5 29.
exf5 Nxf5 30. Nhxf5 Bxf5 31. Nxf5 Rxf5 32. Be4 Kh8 33. Bxf5 Rxf5 34. Qg4 Qf7
35. f3 h5 36. Qg2 Nd8 37. Bd2 Ne6 1/2-1/2

[Event "Haltern- Bochum 3"]
[Site "?"]
[Date "2024.02.18"]
[Round "6.5"]
[White "Abdullayev, Elchin"]
[Black "Lohkemper, Malte"]
[Result "1/2-1/2"]
[WhiteElo "1878"]
[BlackElo "1697"]
[PlyCount "138"]
[SourceDate "2024.03.03"]

1. d4 Nf6 2. c4 e6 3. Nf3 d5 4. cxd5 exd5 5. Bg5 Be7 6. e3 h6 7. Bh4 Bf5 8. Nc3
Nbd7 9. Qb3 Nb6 10. Rc1 O-O 11. a4 a5 12. Bg3 Bb4 13. Be2 c6 14. O-O Re8 15.
Ne5 Nbd7 16. Nd3 Bxc3 17. bxc3 Qb6 18. Qa3 Ne4 19. Rb1 Qa7 20. Rb2 Nxg3 21.
hxg3 b6 22. g4 Be4 23. Qd6 Re6 24. Qg3 Qb8 25. Nf4 Re8 26. g5 hxg5 27. Qxg5 Qd6
28. Nh5 Bg6 29. Nf4 Be4 30. Bg4 Rab8 31. f3 Bh7 32. Bxd7 Qxd7 33. Nh5 Bg6 34.
Nf4 Bh7 35. Kf2 Qe7 36. Qxe7 Rxe7 37. Ra1 f6 38. g4 g5 39. Nh5 Kf7 40. Ng3 Bg6
41. f4 Bd3 42. Rd1 Bc4 43. Nf5 Rd7 44. Rh1 gxf4 45. exf4 Kg8 46. Rh6 Rh7 47.
Rxh7 Kxh7 48. Ne7 b5 49. Nxc6 Rg8 50. Nxa5 bxa4 51. Nxc4 dxc4 52. Ra2 Ra8 53.
Ke3 Kg6 54. d5 f5 55. gxf5+ Kxf5 56. Kd4 Kxf4 57. Kxc4 Ke5 58. Re2+ Kd6 59. Kd4
a3 60. Ra2 Ra7 61. c4 Ra4 62. Kc3 Kc5 63. Kb3 Rxc4 64. Rd2 a2 65. Kxa2 Kd6 66.
Kb3 Rc5 67. Rh2 Rxd5 68. Kc4 Rc5+ 69. Kb4 Rg5 1/2-1/2

[Event "Haltern- Bochum 3"]
[Site "?"]
[Date "2024.02.18"]
[Round "6.6"]
[White "Weber, Martin"]
[Black "Lampe, Thomas"]
[Result "1-0"]
[WhiteElo "1934"]
[BlackElo "1925"]
[PlyCount "111"]
[SourceDate "2024.03.03"]

1. d4 e5 2. dxe5 d6 3. Nf3 Bg4 4. Bf4 Nc6 5. c3 Bxf3 6. exf3 dxe5 7. Qxd8+ Rxd8
8. Be3 a6 9. Nd2 Nf6 10. Ne4 Be7 11. Nxf6+ Bxf6 12. Rd1 O-O 13. Bd3 Be7 14. b4
f5 15. Bc4+ Kh8 16. Ke2 f4 17. Bc1 a5 18. b5 Nb8 19. Be6 Bd6 20. c4 b6 21. Bb2
Nd7 22. Bxd7 Rxd7 23. Rd5 Re7 24. Kd3 Kg8 25. Ke4 Re6 26. Re1 Rfe8 27. Kd3 Kf7
28. Re4 g5 29. a4 Kf6 30. Kc2 Kf5 31. Re2 h5 32. h3 g4 33. hxg4+ hxg4 34. fxg4+
Kxg4 35. f3+ Kf5 36. Kb3 Rg6 37. c5 bxc5 38. Kc4 Rge6 39. Ba3 Kf6 40. Bxc5 Rc8
41. Kb3 Rb8 42. Rc2 Rb7 43. Bxd6 cxd6 44. Rc6 Ke7 45. Ra6 Rc7 46. Rxa5 Rg6 47.
b6 Rb7 48. Rab5 Rxg2 49. a5 Rg1 50. Rd2 Rb1+ 51. Rb2 Ra1 52. Ra2 Rb1+ 53. Ka4
Rc1 54. a6 Rb8 55. b7 Rc6 56. Ka5 1-0

[Event "Haltern- Bochum 3"]
[Site "?"]
[Date "2024.02.18"]
[Round "6.7"]
[White "Bautz, Volker"]
[Black "Eusgeld, Michael"]
[Result "0-1"]
[WhiteElo "1785"]
[BlackElo "1737"]
[PlyCount "36"]
[SourceDate "2024.03.03"]

1. e4 e6 2. d4 d5 3. Nc3 Nf6 4. e5 Nfd7 5. f4 c5 6. Be3 Nc6 7. Nf3 Qb6 8. Na4
Qa5+ 9. c3 c4 10. b4 cxb3 11. axb3 b5 12. b4 Nxb4 13. Bxb5 Qxb5 14. cxb4 Bxb4+
15. Kf2 a5 16. Qb3 Ba6 17. Nc5 Nxc5 18. dxc5 Be1+ 0-1

[Event "Haltern- Bochum 3"]
[Site "?"]
[Date "2024.02.18"]
[Round "6.8"]
[White "Truszkowski, Hans"]
[Black "Vonderhecken, Florian"]
[Result "1-0"]
[WhiteElo "1689"]
[BlackElo "1785"]
[PlyCount "91"]
[SourceDate "2024.03.03"]

1. d4 Nf6 2. c4 g6 3. Nc3 Bg7 4. e4 d6 5. f3 O-O 6. Be3 c5 7. Nge2 b6 8. Qd2
Nc6 9. d5 Ne5 10. Ng3 h5 11. h4 Re8 12. Be2 Rb8 13. a4 Kh7 14. O-O Rb7 15. Rad1
Ng8 16. Nh1 Nh6 17. Nf2 f5 18. Bg5 Nhf7 19. f4 Nxg5 20. fxe5 Nxe4 21. Nfxe4
fxe4 22. e6 Rf8 23. Rxf8 Qxf8 24. Rf1 e3 25. Rxf8 exd2 26. Rxc8 a6 27. Nd1 Kh6
28. Kf1 Be5 29. Rf8 Bg3 30. Bd3 Kg7 31. Rf7+ Kh6 32. Ke2 Be1 33. Nc3 b5 34.
cxb5 axb5 35. Bxb5 Bxh4 36. Kxd2 Bf6 37. Ne4 Be5 38. b3 g5 39. Ke2 g4 40. Nd2
h4 41. Nc4 Bg3 42. Na5 Rb8 43. Nc6 Rh8 44. Nxe7 h3 45. gxh3 gxh3 46. Nf5+ 1-0

[Event "Rüttenscheid- Nord 4"]
[Site "?"]
[Date "2024.02.18"]
[Round "6.1"]
[White "Schuermann- Vengels, Jan"]
[Black "Michalek, Christoph"]
[Result "0-1"]
[WhiteElo "1866"]
[BlackElo "2144"]
[PlyCount "78"]
[SourceDate "2024.03.03"]

1. e4 c5 2. Nf3 e6 3. d4 cxd4 4. Nxd4 Nc6 5. Nc3 Qc7 6. Be3 a6 7. Bd3 Nf6 8.
Nxc6 bxc6 9. O-O d5 10. Qf3 Bd6 11. h3 O-O 12. a4 Rb8 13. a5 Nd7 14. exd5 cxd5
15. Bd4 Be5 16. Ra4 Bxd4 17. Rxd4 g6 18. Rh4 Rxb2 19. Na4 Rb8 20. Qe3 Re8 21.
Qh6 Nf8 22. Nb6 Qc3 23. Qf4 Bb7 24. Qa4 Rbd8 25. Ra1 e5 26. Rb4 e4 27. Bf1 Ne6
28. Ra3 Qc7 29. Qb3 d4 30. Rc4 Qe5 31. Qa4 Re7 32. Qb4 Kf8 33. Qb2 Nf4 34. Qb4
e3 35. fxe3 Nxh3+ 36. Kh1 dxe3 37. Rc5 Qf6 38. Be2 Qf2 39. Nd5 Qg1# 0-1

[Event "Rüttenscheid- Nord 4"]
[Site "?"]
[Date "2024.02.18"]
[Round "6.2"]
[White "Dorgarten, Armin"]
[Black "Beckmann, Klaus"]
[Result "1-0"]
[WhiteElo "1912"]
[BlackElo "1861"]
[PlyCount "97"]
[SourceDate "2024.03.03"]

1. d4 d5 2. Nf3 e6 3. Bf4 c5 4. e3 Nc6 5. c3 Nf6 6. Nbd2 Bd7 7. Bd3 c4 8. Bc2
b5 9. Ne5 b4 10. O-O bxc3 11. bxc3 Qa5 12. g4 h6 13. Nxd7 Nxd7 14. Ba4 Rc8 15.
e4 Nb6 16. Bxc6+ Rxc6 17. Qf3 Ba3 18. Rab1 O-O 19. g5 hxg5 20. Bxg5 Rfc8 21.
Kh1 dxe4 22. Nxe4 Qf5 23. Qg2 Nd5 24. Rg1 Bf8 25. Rb5 Qg6 26. Qf3 f5 27. Nd2
Qf7 28. Bf4 Ra6 29. Rb2 Nxf4 30. Qxf4 Bd6 31. Qg5 Be7 32. Qg2 Rac6 33. Nf3 Bf6
34. Ng5 Qe7 35. f4 Qc7 36. Qf3 Rb6 37. Rbg2 Qc6 38. Qh5 Bxg5 39. fxg5 e5 40. g6
Qe6 41. dxe5 Rb5 42. Re1 Re8 43. Rge2 Rb6 44. Qh7+ Kf8 45. Rf2 Qxg6 46. Rxf5+
Ke7 47. Qh4+ Ke6 48. Rg5 Qd3 49. Qg4+ 1-0

[Event "Rüttenscheid- Nord 4"]
[Site "?"]
[Date "2024.02.18"]
[Round "6.3"]
[White "Fleischer, Michael"]
[Black "Storp, Thomas"]
[Result "1-0"]
[WhiteElo "1878"]
[BlackElo "1892"]
[PlyCount "91"]
[SourceDate "2024.03.03"]

1. e4 c5 2. Nf3 Nc6 3. d4 cxd4 4. Nxd4 a6 5. c4 e6 6. Nc3 Bb4 7. Be2 Nge7 8.
O-O O-O 9. Nxc6 dxc6 10. Qc2 Ng6 11. Be3 Qe7 12. Rfd1 b5 13. a3 Bc5 14. Bxc5
Qxc5 15. b4 Qg5 16. Qd2 Nf4 17. Bf1 e5 18. Kh1 Qg6 19. Qd6 bxc4 20. Qxe5 Nd3
21. Bxd3 cxd3 22. Rxd3 Be6 23. Rd6 Rac8 24. Ne2 Qh6 25. f4 Rfe8 26. Qc5 Qf6 27.
Rb1 Qe7 28. e5 Bd5 29. Nc3 Qh4 30. Qe3 Rcd8 31. Rxd8 Rxd8 32. h3 h5 33. Kh2 Be6
34. Rd1 g6 35. Rxd8+ Qxd8 36. Ne4 Kg7 37. Nd6 Bd5 38. Qd4 Kh7 39. Nxf7 Qf8 40.
Ng5+ Kg8 41. e6 Qe7 42. Qe5 h4 43. Qb8+ Kg7 44. Qc8 Kf6 45. Qh8+ Qg7 46. Nh7+
1-0

[Event "Rüttenscheid- Nord 4"]
[Site "?"]
[Date "2024.02.18"]
[Round "6.4"]
[White "Furchtbar, Uwe"]
[Black "Hausrath, Michaela"]
[Result "1-0"]
[WhiteElo "1888"]
[BlackElo "1689"]
[PlyCount "83"]
[SourceDate "2024.03.03"]

1. e4 c5 2. Nf3 Nc6 3. Bb5 Nd4 4. Nxd4 cxd4 5. c3 dxc3 6. Nxc3 e6 7. O-O a6 8.
Ba4 g6 9. d4 b5 10. Bc2 Bg7 11. Be3 Ne7 12. e5 O-O 13. h4 Bb7 14. Ne4 Nd5 15.
Bg5 f6 16. exf6 Nxf6 17. h5 Bxe4 18. Bxe4 d5 19. Bc2 h6 20. Bh4 g5 21. Bg3 Ne4
22. Qg4 Bxd4 23. Qxe6+ Kg7 24. Qg6+ Kh8 25. Qxh6+ Kg8 26. Qg6+ Kh8 27. Qh6+ Kg8
28. Qe6+ Kg7 29. Be5+ Bxe5 30. Qxe5+ Qf6 31. Qxd5 Nd6 32. Rae1 Rae8 33. Qd3 Rh8
34. Rxe8 Nxe8 35. Qd7+ Qf7 36. Qxf7+ Kxf7 37. Bg6+ Kf6 38. Rc1 Ng7 39. Rc6+ Ke5
40. Rxa6 Nxh5 41. Bxh5 Rxh5 42. Ra5 1-0

[Event "Rüttenscheid- Nord 4"]
[Site "?"]
[Date "2024.02.18"]
[Round "6.5"]
[White "Schlenter, Ruediger"]
[Black "Koprek, Juergen"]
[Result "1-0"]
[WhiteElo "1792"]
[BlackElo "1874"]
[PlyCount "75"]
[SourceDate "2024.03.03"]

1. Nf3 d5 2. c4 e6 3. g3 Nf6 4. Bg2 Be7 5. O-O Nbd7 6. d4 O-O 7. Qc2 c6 8. b3
Ne4 9. Nfd2 Nxd2 10. Nxd2 Bf6 11. Bb2 Re8 12. e4 dxe4 13. Nxe4 Be7 14. Rfd1 Qc7
15. Rac1 Nb6 16. Qc3 Bf8 17. d5 f6 18. d6 Qf7 19. a4 Nd7 20. c5 h6 21. b4 Rb8
22. b5 Ne5 23. f4 Ng6 24. bxc6 bxc6 25. Nd2 Bd7 26. Nc4 e5 27. f5 Bxf5 28. Bxc6
Red8 29. Bg2 Be6 30. Na5 Rbc8 31. Qe3 Rb8 32. Ba3 Bb3 33. Nxb3 Rxb3 34. Qxb3
Qxb3 35. Bd5+ Qxd5 36. Rxd5 Kf7 37. c6 Bxd6 38. Rxd6 1-0

[Event "Rüttenscheid- Nord 4"]
[Site "?"]
[Date "2024.02.18"]
[Round "6.6"]
[White "Berger, Nils"]
[Black "Cordes, Malte"]
[Result "1/2-1/2"]
[WhiteElo "1837"]
[BlackElo "1811"]
[PlyCount "61"]
[SourceDate "2024.03.03"]

1. e4 e6 2. d4 d5 3. Nc3 Nc6 4. e5 Na5 5. Be3 Ne7 6. Bd3 Nf5 7. Bxf5 exf5 8.
Nf3 Nc4 9. Bg5 Qd7 10. Qe2 Bb4 11. a3 Bxc3+ 12. bxc3 h6 13. Bc1 b6 14. Nd2 Ba6
15. Nxc4 Bxc4 16. Qf3 O-O-O 17. a4 a5 18. Kd2 Rde8 19. Qe3 g5 20. g3 Reg8 21.
h4 g4 22. Re1 Re8 23. Kd1 h5 24. Qg5 Qe6 25. Bd2 Kd7 26. Bf4 Kc6 27. Kd2 Ba6
28. Qf6 Rhg8 29. Bg5 Rg6 30. Qxe6+ fxe6 31. Rab1 1/2-1/2

[Event "Rüttenscheid- Nord 4"]
[Site "?"]
[Date "2024.02.18"]
[Round "6.7"]
[White "Mateos Lopez, Javier"]
[Black "Busacker, Holger"]
[Result "0-1"]
[WhiteElo "1733"]
[BlackElo "1791"]
[PlyCount "70"]
[SourceDate "2024.03.03"]

1. d4 c5 2. d5 d6 3. c4 Nf6 4. Nc3 e5 5. Bg5 Be7 6. Qc2 O-O 7. h4 a6 8. e3 Ne8
9. Bd3 f5 10. Nh3 h6 11. Bxe7 Qxe7 12. h5 Qf7 13. O-O-O Nc7 14. Be2 Nd7 15. g4
fxg4 16. Bxg4 Nf6 17. Bxc8 Raxc8 18. Ne4 Nxe4 19. Qxe4 Qf5 20. Qg2 b5 21. Rdg1
Rf7 22. Qg6 Qf6 23. Rg2 bxc4 24. Rhg1 Ne8 25. Qe4 Qf3 26. Qg4 Qxg4 27. Rxg4 Nf6
28. Rg6 Kf8 29. f4 Rd8 30. Rd1 Rfd7 31. f5 Nxh5 32. Kc2 Rb8 33. Nf2 Nf6 34. Kc3
Rb4 35. a3 Rb3+ 0-1

[Event "Rüttenscheid- Nord 4"]
[Site "?"]
[Date "2024.02.18"]
[Round "6.8"]
[White "Bruckmann, Jochen"]
[Black "Roth, Christian"]
[Result "1/2-1/2"]
[WhiteElo "1777"]
[BlackElo "1678"]
[PlyCount "45"]
[SourceDate "2024.03.03"]

1. e4 e5 2. f4 exf4 3. Nf3 d5 4. exd5 Be7 5. Bb5+ c6 6. dxc6 bxc6 7. Bc4 Bh4+
8. g3 fxg3 9. O-O gxh2+ 10. Kh1 Bf6 11. d4 Ne7 12. Ng5 Be6 13. Nxe6 fxe6 14.
Bxe6 Qxd4 15. Bf7+ Kf8 16. Qxd4 Bxd4 17. Bh5+ Kg8 18. Rd1 Bb6 19. Be3 g6 20.
Bxb6 axb6 21. Bg4 Na6 22. Nc3 Kg7 23. Ne4 1/2-1/2

[Event "Altenessen- Horst Emscher 2"]
[Site "?"]
[Date "2024.02.18"]
[Round "6.1"]
[White "Konietzka, Bernd"]
[Black "Prass, Marian"]
[Result "0-1"]
[WhiteElo "1892"]
[BlackElo "2000"]
[Annotator "daniel"]
[PlyCount "88"]
[SourceDate "2024.03.03"]

1. e4 c5 2. Nf3 d6 3. d4 cxd4 4. Nxd4 Nf6 5. Nc3 a6 6. Be2 Nbd7 7. Be3 e6 8.
O-O Be7 9. h3 Qc7 10. f4 b5 11. a3 Bb7 12. Bf3 Nc5 13. e5 Nfe4 14. Nxe4 Nxe4
15. exd6 Bxd6 16. Qd3 Nc5 17. Qd2 Rd8 18. Rad1 O-O 19. c3 Be7 20. Qe1 $11 Na4
21. Qf2 Bd5 22. Rd2 Bxf3 23. Qxf3 Bc5 24. Rfd1 Nb6 25. Rd3 Nc4 26. Bc1 e5 27.
fxe5 Qxe5 28. Kh1 Bxd4 29. cxd4 Qd5 30. Qg4 f5 31. Qf4 Rfe8 32. b3 Nd6 33. Rg3
Ne4 34. Rf3 g5 35. Qc7 Rd7 36. Qc2 f4 37. Qd3 Rc7 38. Bb2 Ng3+ 39. Kg1 Nf5 40.
Bc3 Re3 41. Rxe3 Nxe3 42. Rd2 Qxb3 43. Bb4 Rc1+ 44. Kf2 Qd5 0-1